000 00743nam a2200205 a 4500
005 20140412111308.0
008 001115s19uu xx 00 eng d
020 _a1-85435-620-8
050 _aREF 507
_bK46An 1997
100 _aKerrod, Robin
245 _aLet's investigate science :
_cRobin Kerrod ; illustrated by Ted Evans.
_bAnimal life /
260 _aNew York :
_bMarshall Cavendish,
_c1997.
300 _a64 p. ; col. ; ill.
440 _aLet's inevstigate science
500 _aIncludes bibliographical references and index
520 _aInvestigate animal biology, examining themain animal groups and how they fit into different environments
650 _aAnimals -- Habitat
650 _aHabitat (Ecology)
999 _c103830
_d103830